000 00420nam a22001697a 4500
003 OSt
005 20211019110207.0
008 211019b |||||||| |||| 00| 0 eng d
020 _a1-85728-464-X
040 _cHawassa University
050 _a631.4/PAT
_b1
082 _a631.4/PAT
_b1
100 _aPaton,T.R.
_914164
245 _aSoils A New Global View
260 _aLondon
_bUCL Press
_c1995
942 _2ddc
_cBOOKS
_n0
999 _c13254
_d13254